AI Generated Football/Soccer Badge Quiz - #1 - Statistics

General Stats
  • This quiz has been taken 38 times
  • The average score is 9 of 12
Answer Stats
Picture Answer % Correct
Everton
97%
Barcelona
94%
Liverpool
92%
Roma
86%
Inter Miami
83%
Rangers
83%
Bayer Leverkusen
81%
Porto
72%
Rayo Vallecano
67%
Leipzig
50%
Venezia
47%
Luton Town
25%
No matching quizzes found
Score Distribution
Percent of People with Each Score
Percentile by Number Answered
Your Score History
You have not taken this quiz